000 00632nam a2200193Ii 4500
003 JO-AjNU
008 230605s9999||||xx |||||||||||||| ||und||
040 _aJO-AjNU
_bara
_erda
_cJO-AjNU
041 _aara
050 1 4 _aHF5734.5.M342 1900Z
100 3 _aماهر، احمد,
_eauthor
_935791
245 0 0 _aمهارات التقديم الشفوي وعرض المعلومات = Presentation Skills
264 3 1 _aد.م:د.ن ، 1900Z
300 _a160ص
336 _atext
_btxt
_2rdacontent
337 _aunmediated
_bn
_2rdamedia
338 _avolume
_bnc
_2rdacarrier
650 4 _aمهارات عرض المعلومات
_935792
999 _aA14810
_c18378
_d18378